[Event "Junior Online 4NCL Division 4"]
[Site "online"]
[Date "2020.09.17"]
[Round "3.113"]
[White "Seet, Joshua"]
[Black "Kota, Ashwath Kumar"]
[Result "1-0"]
[WhiteElo "1330"]
[BlackElo "880"]
[PlyCount "87"]
[EventDate "2020.09.17"]
[WhiteTeam "Woking Warriors"]
[BlackTeam "Maidenhead Juniors 2"]

1. d4 d5 2. c4 dxc4 3. e4 Nc6 4. Nf3 Nf6 5. Nc3 Bg4 6. d5 Ne5 7. h3 Bxf3 8.
gxf3 c6 9. Bf4 Ng6 10. Bh2 cxd5 11. exd5 e6 12. Bxc4 exd5 13. Nxd5 Nxd5 14.
Bxd5 Bb4+ 15. Kf1 Ne7 16. Bxb7 Qxd1+ 17. Rxd1 Rb8 18. Bxb8 O-O 19. Bd6 Rd8 20.
Bxb4 Rxd1+ 21. Kg2 Rd7 22. Re1 Rxb7 23. Rxe7 Rxe7 24. Bxe7 f6 25. Kg3 Kf7 26.
Bc5 a6 27. Kf4 Ke6 28. Ke4 g6 29. a4 f5+ 30. Kd4 Kf6 31. b4 Kg5 32. b5 axb5 33.
axb5 Kh4 34. b6 Kxh3 35. b7 g5 36. b8=Q f4 37. Qh8 Kg2 38. Qxh7 Kxf3 39. Qh5+
g4 40. Qh1+ Kxf2 41. Ke4+ Kg3 42. Qe1+ Kh3 43. Kxf4 Kg2 44. Qf2+ 1-0

[Event "Junior Online 4NCL Division 4"]
[Site "online"]
[Date "2020.09.17"]
[Round "3.114"]
[White "Sridhar, Siddarth Iyer"]
[Black "Wicks, Alexander"]
[Result "1-0"]
[WhiteElo "842"]
[BlackElo "1345"]
[PlyCount "89"]
[EventDate "2020.09.17"]
[WhiteTeam "Maidenhead Juniors 2"]
[BlackTeam "Woking Warriors"]

1. e4 d5 2. Nf3 dxe4 3. Ng5 h6 4. Nxe4 Bf5 5. Qe2 e6 6. Qb5+ Nc6 7. Nbc3 Rb8 8.
d3 Bb4 9. Bd2 Nf6 10. O-O-O Nxe4 11. dxe4 Bxc3 12. Bxc3 Qg5+ 13. Kb1 Bxe4 14.
Qxg5 hxg5 15. Bxg7 Rg8 16. Bf6 Rg6 17. Bc3 Rd8 18. Bb5 Bxg2 19. Rxd8+ Kxd8 20.
Rd1+ Kc8 21. Bxc6 Bxc6 22. a3 f5 23. Re1 g4 24. Be5 Be4 25. Rg1 b6 26. h3 Bf3
27. h4 Rh6 28. Bg3 f4 29. Bxf4 Rxh4 30. Re1 Bd5 31. b4 Kb7 32. Re3 Rh1+ 33. Kb2
Rf1 34. Bg3 Kc6 35. Rc3+ Kb5 36. Rxc7 a5 37. c4+ Ka4 38. cxd5 exd5 39. Rd7 Rd1
40. Kc2 Rd4 41. Be5 Rc4+ 42. Bc3 Kxa3 43. Rxd5 axb4 44. Ra5+ bxa5 45. Kd3 1-0

[Event "Junior Online 4NCL Division 4"]
[Site "online"]
[Date "2020.09.17"]
[Round "3.116"]
[White "Phillips, Freddie"]
[Black "Anchan, Arjun"]
[Result "0-1"]
[WhiteElo "1435"]
[BlackElo "977"]
[PlyCount "128"]
[EventDate "2020.09.17"]
[WhiteTeam "Woking Warriors"]
[BlackTeam "Maidenhead Juniors 2"]

1. e4 b6 2. Nf3 Bb7 3. Nc3 e6 4. g3 Bb4 5. Bg2 Bxc3 6. bxc3 Bxe4 7. d3 Bb7 8.
O-O Nf6 9. Bg5 O-O 10. d4 h6 11. Bxf6 Qxf6 12. Qe2 Qd8 13. c4 d5 14. cxd5 Bxd5
15. c4 Bb7 16. Rad1 Qe7 17. d5 Rd8 18. dxe6 Rxd1 19. Rxd1 Qxe6 20. Qxe6 fxe6
21. Rd8+ Kh7 22. Re8 Nd7 23. Rxe6 Nc5 24. Re7 c6 25. Ne5 Rd8 26. h3 Rd1+ 27.
Kh2 Rd2 28. Ng4 Rxa2 29. Nf6+ Kg6 30. Ng4 Bc8 31. Ne5+ Kh7 32. Nxc6 Rxf2 33.
Ne5 Bb7 34. Rf7 Rxg2+ 35. Kh1 Rxg3+ 36. Kh2 Rg2+ 37. Kh1 Re2+ 38. Kg1 Rxe5 39.
Rc7 Re2 40. Kf1 Ra2 41. Kg1 Ba6 42. Rxa7 Ra1+ 43. Kf2 Ne4+ 44. Ke3 Nd6 45. Kd4
Nf5+ 46. Kd5 Bxc4+ 47. Kxc4 Rxa7 48. Kb5 Ra3 49. Kxb6 Rxh3 50. Kc5 Re3 51. Kd5
g5 52. Kc4 g4 53. Kd5 g3 54. Kc4 g2 55. Kd5 g1=Q 56. Kc4 Qd1 57. Kb4 Qc1 58.
Ka4 Qc4+ 59. Ka5 Re5+ 60. Kb6 Qe6+ 61. Kc7 Qe7+ 62. Kc6 Qd6+ 63. Kb7 Re7+ 64.
Kc8 Qc7# 0-1

[Event "Junior Online 4NCL Division 4"]
[Site "online"]
[Date "2020.09.17"]
[Round "3.117"]
[White "Kota, Ashwath Kumar"]
[Black "Seet, Joshua"]
[Result "0-1"]
[WhiteElo "880"]
[BlackElo "1330"]
[PlyCount "58"]
[EventDate "2020.09.17"]
[WhiteTeam "Maidenhead Juniors 2"]
[BlackTeam "Woking Warriors"]

1. e4 c6 2. d4 d5 3. Nc3 dxe4 4. Nxe4 Nf6 5. Nxf6+ exf6 6. Bc4 Bd6 7. Nf3 O-O
8. O-O Bg4 9. h3 Bh5 10. Qd3 Nd7 11. c3 c5 12. dxc5 Nxc5 13. Qd5 Bxf3 14. Qxf3
b6 15. Bd5 Rc8 16. b4 Nd7 17. Bb7 Ne5 18. Qe2 Rxc3 19. Bb2 Rc7 20. Bd5 Re8 21.
f4 Nc4 22. Qg4 Nxb2 23. Rfb1 Nd3 24. f5 Qe7 25. Rb3 Qe3+ 26. Kh1 Nf2+ 27. Kg1
Nxh3+ 28. Kh1 Qg1+ 29. Rxg1 Nf2# 0-1

[Event "Junior Online 4NCL Division 4"]
[Site "online"]
[Date "2020.09.17"]
[Round "3.118"]
[White "Wicks, Alexander"]
[Black "Sridhar, Siddarth Iyer"]
[Result "0-1"]
[WhiteElo "1345"]
[BlackElo "842"]
[PlyCount "57"]
[EventDate "2020.09.17"]
[WhiteTeam "Woking Warriors"]
[BlackTeam "Maidenhead Juniors 2"]

1. e4 e5 2. Nf3 Nc6 3. Bb5 Bc5 4. O-O Nf6 5. c3 a6 6. Bxc6 dxc6 7. d4 exd4 8.
cxd4 Bb6 9. Bg5 h6 10. Bh4 g5 11. Bg3 Nxe4 12. Re1 Bf5 13. Nc3 Ba5 14. Qd3 Bxc3
15. bxc3 Qe7 16. Nd2 O-O-O 17. Nxe4 Rhe8 18. f3 Bg6 19. Nc5 Bxd3 20. Rxe7 Rxe7
21. Nxd3 Re3 22. Rd1 c5 23. Bf2 Re2 24. Kf1 Rxa2 25. dxc5 Ra3 26. Ke2 Rxc3 27.
Ne5 Rc2+ 28. Kf1 Rxd1+ 29. Be1 0-1

[Event "Junior Online 4NCL Division 4"]
[Site "online"]
[Date "2020.09.17"]
[Round "3.121"]
[White "Moser, Benjamin"]
[Black "Jowell, Leo"]
[Result "1-0"]
[WhiteElo "1532"]
[BlackElo "1172"]
[PlyCount "139"]
[EventDate "2020.09.17"]
[WhiteTeam "The Hall 1"]
[BlackTeam "May The Fork Be With You 5"]

1. d4 Nf6 2. Nf3 g6 3. Bf4 Bg7 4. e3 d6 5. c3 O-O 6. Nbd2 Bf5 7. Bc4 Nc6 8. O-O
Rc8 9. Re1 d5 10. Bb5 a6 11. Ba4 b5 12. Bc2 Bxc2 13. Qxc2 b4 14. Ne5 Nxe5 15.
Bxe5 bxc3 16. Qxc3 Ne4 17. Nxe4 dxe4 18. Bxg7 Kxg7 19. d5+ Kg8 20. Qd4 f5 21.
Qe5 c6 22. Qe6+ Kh8 23. dxc6 Rf6 24. Qe5 Qd6 25. Qxd6 Rxd6 26. h3 Rcxc6 27.
Red1 Rxd1+ 28. Rxd1 Rc2 29. Rb1 a5 30. a4 Rc4 31. b3 Rb4 32. Kf1 Kg7 33. Ke2
Kf6 34. Kd2 Kg5 35. Kc3 f4 36. Rd1 fxe3 37. fxe3 h5 38. Rd5+ Kh6 39. Rxa5 Rb8
40. Re5 Rc8+ 41. Kb2 Re8 42. Rxe4 e5 43. a5 g5 44. Ka3 Kg6 45. g4 hxg4 46. hxg4
Kf6 47. b4 Ke6 48. Ka4 Kd5 49. Rxe5+ Kxe5 50. a6 Ra8 51. b5 Kd6 52. Ka5 Kc7 53.
b6+ Kb8 54. e4 Rxa6+ 55. Kxa6 Kc8 56. b7+ Kb8 57. e5 Kc7 58. Ka7 Kc6 59. b8=Q
Kd7 60. Qd6+ Ke8 61. Qc7 Kf8 62. Qd7 Kg8 63. Qe7 Kh8 64. Kb7 Kg8 65. Kc6 Kh8
66. Kd5 Kg8 67. Ke4 Kh8 68. Kf5 Kg8 69. Kf6 Kh8 70. Qg7# 1-0

[Event "Junior Online 4NCL Division 4"]
[Site "online"]
[Date "2020.09.17"]
[Round "3.122"]
[White "Durling, Charlie"]
[Black "Smolders, Thomas"]
[Result "0-1"]
[WhiteElo "1127"]
[BlackElo "1427"]
[PlyCount "118"]
[EventDate "2020.09.17"]
[WhiteTeam "May The Fork Be With You 5"]
[BlackTeam "The Hall 1"]

1. d4 d5 2. c4 c6 3. Nc3 Nf6 4. Nf3 Bf5 5. Bg5 h6 6. Bh4 e6 7. e3 Be7 8. Bd3
Bg4 9. h3 Bh5 10. O-O Nbd7 11. cxd5 cxd5 12. Rc1 Rc8 13. Be2 Ne4 14. Nxe4 Rxc1
15. Qxc1 dxe4 16. Bxe7 Kxe7 17. Ne5 Bxe2 18. Re1 Nxe5 19. Qc5+ Qd6 20. Qxe5
Qxe5 21. dxe5 Ba6 22. Rd1 Rd8 23. Rc1 Ke8 24. a4 Rd5 25. b4 b5 26. axb5 Bxb5
27. Rc8+ Kd7 28. Rg8 g6 29. Rg7 Ke7 30. Rh7 h5 31. f4 Rd3 32. Kf2 Rd2+ 33. Kg3
Re2 34. Kh4 Rxe3 35. g4 Bf1 36. Kg5 hxg4 37. hxg4 Rg3 38. Rh4 Rh3 39. Rxh3 Bxh3
40. f5 exf5 41. Kf4 Bxg4 42. b5 g5+ 43. Ke3 Bf3 44. Kf2 Ke6 45. Ke3 Kxe5 46.
Kf2 Kd5 47. Ke3 Kc5 48. Kf2 Kxb5 49. Kf1 a5 50. Ke1 a4 51. Kd2 a3 52. Kc1 e3
53. Kc2 e2 54. Kd2 a2 55. Ke1 a1=Q+ 56. Kf2 e1=Q+ 57. Kxf3 Qac3+ 58. Kg2 Qed2+
59. Kh1 Qcc1# 0-1

[Event "Junior Online 4NCL Division 4"]
[Site "online"]
[Date "2020.09.17"]
[Round "3.124"]
[White "Tager, Maya"]
[Black "Patel, Ishaan"]
[Result "0-1"]
[WhiteElo "1075"]
[BlackElo "1345"]
[PlyCount "108"]
[EventDate "2020.09.17"]
[WhiteTeam "May The Fork Be With You 5"]
[BlackTeam "The Hall 1"]

1. e4 e5 2. Nf3 Nc6 3. Bc4 Bc5 4. O-O Nf6 5. d3 d6 6. Nc3 Be6 7. Bxe6 fxe6 8.
Na4 Bb6 9. Nxb6 axb6 10. Be3 O-O 11. d4 exd4 12. Nxd4 Nxd4 13. Bxd4 Nxe4 14.
Qg4 Nf6 15. Bxf6 Qxf6 16. c3 Rf7 17. Rae1 e5 18. Qc4 Raf8 19. h3 Kh8 20. b4 c6
21. b5 d5 22. Qa4 c5 23. Rd1 d4 24. cxd4 exd4 25. Qb3 Re7 26. a4 Qe6 27. Qxe6
Rxe6 28. Rde1 Rfe8 29. Rxe6 Rxe6 30. Ra1 c4 31. Kf1 c3 32. Rc1 h6 33. Kg1 d3
34. Rxc3 d2 35. Rd3 Re1+ 36. Kh2 d1=Q 37. Rxd1 Rxd1 38. g4 Ra1 39. Kg3 Rxa4 40.
h4 Rb4 41. f4 Rxb5 42. g5 hxg5 43. hxg5 Rc5 44. Kg4 b5 45. f5 Kg8 46. g6 b4 47.
Kg5 b3 48. Kf4 b2 49. Kg5 b1=Q 50. Kh5 Rxf5+ 51. Kg4 Qe4+ 52. Kh3 Rf3+ 53. Kg2
Qe2+ 54. Kg1 Rf1# 0-1

[Event "Junior Online 4NCL Division 4"]
[Site "online"]
[Date "2020.09.17"]
[Round "3.125"]
[White "Jowell, Leo"]
[Black "Moser, Benjamin"]
[Result "1-0"]
[WhiteElo "1172"]
[BlackElo "1532"]
[PlyCount "49"]
[EventDate "2020.09.17"]
[WhiteTeam "May The Fork Be With You 5"]
[BlackTeam "The Hall 1"]

1. d4 d5 2. c4 Nf6 3. cxd5 Nxd5 4. e4 Nf6 5. Nc3 Nc6 6. Nf3 Bg4 7. d5 Bxf3 8.
Qxf3 Nd4 9. Qd3 e5 10. f4 Qd6 11. fxe5 Qxe5 12. Be3 Bc5 13. O-O-O Ng4 14. Na4
Nxe3 15. Qxe3 b6 16. Nxc5 bxc5 17. b4 Nb5 18. Bxb5+ Kf8 19. Qxc5+ Kg8 20. Rhf1
Qg5+ 21. Kb1 Qxg2 22. Qxc7 Qxe4+ 23. Ka1 h6 24. Qxf7+ Kh7 25. Bd3 1-0

[Event "Junior Online 4NCL Division 4"]
[Site "online"]
[Date "2020.09.17"]
[Round "3.126"]
[White "Smolders, Thomas"]
[Black "Durling, Charlie"]
[Result "1-0"]
[WhiteElo "1427"]
[BlackElo "1127"]
[PlyCount "91"]
[EventDate "2020.09.17"]
[WhiteTeam "The Hall 1"]
[BlackTeam "May The Fork Be With You 5"]

1. e4 e6 2. d4 d5 3. exd5 exd5 4. Nf3 Nc6 5. Bd3 Nf6 6. O-O Bd6 7. Re1+ Be6 8.
Bg5 O-O 9. c3 h6 10. Bh4 Be7 11. Qc2 Qd6 12. Bg3 Qd7 13. Nbd2 Bd6 14. Bh4 Ng4
15. h3 Nf6 16. Bxf6 gxf6 17. Qd1 Bf5 18. Qc2 Bxd3 19. Qxd3 Rfe8 20. Nh4 Kg7 21.
Nf5+ Kf8 22. Nxh6 Rxe1+ 23. Rxe1 Re8 24. Rd1 Ke7 25. Qh7 Kd8 26. Nxf7+ Kc8 27.
Nxd6+ Qxd6 28. Qf5+ Kb8 29. Nf3 Rh8 30. Re1 Ne7 31. Qe6 Qd8 32. Qxe7 Re8 33.
Qxe8 Qc8 34. Qxc8+ Kxc8 35. h4 Kd7 36. h5 b6 37. h6 c5 38. dxc5 bxc5 39. h7 d4
40. cxd4 cxd4 41. Nxd4 f5 42. h8=Q f4 43. Re6 a6 44. Qe8+ Kc7 45. Qf7+ Kb8 46.
Re8# 1-0

[Event "Junior Online 4NCL Division 4"]
[Site "online"]
[Date "2020.09.17"]
[Round "3.128"]
[White "Patel, Ishaan"]
[Black "Tager, Maya"]
[Result "1-0"]
[WhiteElo "1345"]
[BlackElo "1075"]
[PlyCount "39"]
[EventDate "2020.09.17"]
[WhiteTeam "The Hall 1"]
[BlackTeam "May The Fork Be With You 5"]

1. e4 e5 2. Nf3 Nc6 3. Nc3 Nf6 4. Bc4 Nxe4 5. Nxe4 d5 6. Bd3 dxe4 7. Bxe4 Bc5
8. d3 Nd4 9. c3 Nxf3+ 10. Qxf3 O-O 11. O-O g6 12. Bh6 Re8 13. Rad1 Rb8 14. b4
Be7 15. d4 exd4 16. Rxd4 Bd7 17. Rfd1 Qc8 18. Rxd7 Bd6 19. Qxf7+ Kh8 20. Bg7#
1-0

[Event "Junior Online 4NCL Division 4"]
[Site "online"]
[Date "2020.09.17"]
[Round "3.131"]
[White "Wu, Feitong"]
[Black "Vinodh, Sampriti"]
[Result "1-0"]
[WhiteElo "1495"]
[BlackElo "103"]
[PlyCount "37"]
[EventDate "2020.09.17"]
[WhiteTeam "Forest Hall Chimaeras"]
[BlackTeam "East Kilbride Elephants"]

1. d4 d5 2. c4 dxc4 3. Nc3 Nc6 4. Nf3 Bg4 5. e3 e6 6. Bxc4 Bb4 7. Bd2 Bxf3 8.
Qxf3 Bxc3 9. Bxc3 Nf6 10. Rd1 O-O 11. O-O a6 12. d5 exd5 13. Bxd5 Nxd5 14. Rxd5
Qe8 15. Qg3 g6 16. Qf3 Ne7 17. Qf6 Nf5 18. Rxf5 h5 19. Qg7# 1-0

[Event "Junior Online 4NCL Division 4"]
[Site "online"]
[Date "2020.09.17"]
[Round "3.132"]
[White "Hazra, Samriti"]
[Black "Johnston, Alexander"]
[Result "0-1"]
[WhiteElo "100"]
[BlackElo "1480"]
[PlyCount "94"]
[EventDate "2020.09.17"]
[WhiteTeam "East Kilbride Elephants"]
[BlackTeam "Forest Hall Chimaeras"]

1. e4 e6 2. Nc3 b6 3. Be2 Bb7 4. Bf3 Nc6 5. d3 Bb4 6. a3 Bxc3+ 7. bxc3 Nf6 8.
d4 d5 9. e5 Ne4 10. Bxe4 dxe4 11. f3 exf3 12. Nxf3 h6 13. O-O Qe7 14. Rb1 O-O-O
15. Qe2 Nb8 16. Re1 g5 17. g4 Nd7 18. Rf1 Rdf8 19. Bd2 f6 20. Be1 f5 21. gxf5
exf5 22. e6 Kb8 23. Rf2 Nf6 24. c4 Ng4 25. Rg2 Re8 26. Rd1 Qxe6 27. d5 Qxe2 28.
Rxe2 Rxe2 29. Bg3 f4 30. Be1 Ne3 31. Rd3 g4 32. Ne5 Rxe1+ 33. Kf2 Rf1+ 34. Ke2
Re8 35. Nd7+ Kc8 36. Nf6 f3+ 37. Kd2 Rf8 38. Rxe3 Rxf6 39. Re8+ Kd7 40. Rb8 Bc8
41. Ra8 f2 42. Ke2 Re1+ 43. Kd3 f1=Q+ 44. Kd4 Rf4+ 45. Kc3 Qf3+ 46. Kb4 Rb1+
47. Ka4 Rxc4# 0-1

[Event "Junior Online 4NCL Division 4"]
[Site "online"]
[Date "2020.09.17"]
[Round "3.133"]
[White "Wall, Oliver"]
[Black "Chaudhury, Raunak"]
[Result "1-0"]
[WhiteElo "1465"]
[BlackElo "100"]
[PlyCount "45"]
[EventDate "2020.09.17"]
[WhiteTeam "Forest Hall Chimaeras"]
[BlackTeam "East Kilbride Elephants"]

1. d4 Nc6 2. Nf3 Nf6 3. Nc3 d5 4. Bg5 Bg4 5. h3 h6 6. Bxf6 Bxf3 7. exf3 exf6 8.
Qe2+ Ne7 9. Qe3 g5 10. Bd3 f5 11. Bxf5 Qd6 12. Nb5 Qb4+ 13. Nc3 Qxb2 14. O-O
Qxc2 15. Bxc2 Rd8 16. Ba4+ c6 17. Rab1 Rd6 18. Rxb7 Re6 19. Bxc6+ Kd8 20. Qc1
Nxc6 21. Nxd5 Nxd4 22. Qc7+ Ke8 23. Rb8# 1-0

[Event "Junior Online 4NCL Division 4"]
[Site "online"]
[Date "2020.09.17"]
[Round "3.135"]
[White "Vinodh, Sampriti"]
[Black "Wu, Feitong"]
[Result "0-1"]
[WhiteElo "103"]
[BlackElo "1495"]
[PlyCount "94"]
[EventDate "2020.09.17"]
[WhiteTeam "East Kilbride Elephants"]
[BlackTeam "Forest Hall Chimaeras"]

1. e4 e6 2. e5 d5 3. Nf3 c5 4. d4 cxd4 5. Nxd4 Qb6 6. Bb5+ Bd7 7. Bxd7+ Nxd7 8.
Nc3 Bc5 9. Be3 Nxe5 10. Ndb5 Bxe3 11. fxe3 Qxe3+ 12. Qe2 Qxe2+ 13. Nxe2 Kd7 14.
O-O-O Ne7 15. Rhe1 N5g6 16. g3 Rhc8 17. Rd2 Rc5 18. Nbd4 Rac8 19. Kb1 Nc6 20.
Rc1 Nxd4 21. Nxd4 Ne5 22. b3 Nc6 23. Nxc6 R5xc6 24. h4 f5 25. h5 g6 26. hxg6
hxg6 27. g4 Rh8 28. gxf5 gxf5 29. a4 Rd6 30. c4 dxc4 31. Rxc4 Rxd2 32. b4 Rh1+
33. Rc1 Rxc1+ 34. Kxc1 Rh2 35. Kd1 f4 36. Ke1 f3 37. Kf1 Rg2 38. Ke1 e5 39. Kf1
e4 40. Ke1 e3 41. Kf1 e2+ 42. Ke1 Rg1+ 43. Kf2 e1=Q+ 44. Kxf3 Rf1+ 45. Kg4 Qe4+
46. Kg5 Qg2+ 47. Kh4 Rh1# 0-1

[Event "Junior Online 4NCL Division 4"]
[Site "online"]
[Date "2020.09.17"]
[Round "3.136"]
[White "Johnston, Alexander"]
[Black "Hazra, Samriti"]
[Result "1-0"]
[WhiteElo "1480"]
[BlackElo "100"]
[PlyCount "63"]
[EventDate "2020.09.17"]
[WhiteTeam "Forest Hall Chimaeras"]
[BlackTeam "East Kilbride Elephants"]

1. e4 e5 2. Nc3 Bc5 3. Bc4 Qf6 4. Nf3 Nc6 5. O-O Nd4 6. Nxd4 exd4 7. Nd5 Qd6 8.
Qg4 h6 9. Qxg7 Rh7 10. Qxh7 c6 11. Qxg8+ Qf8 12. Nc7+ Ke7 13. Qxf8+ Kxf8 14.
Nxa8 d6 15. d3 b5 16. Bb3 Ba6 17. Bxh6+ Ke8 18. Nc7+ Kd7 19. Nxa6 Bb6 20. f4
Ke8 21. e5 Kd7 22. Rae1 Ke8 23. e6 fxe6 24. Rxe6+ Kd7 25. f5 Bd8 26. f6 Kc8 27.
f7 Kb7 28. f8=Q Kxa6 29. Qxd8 d5 30. Rxc6+ Kb7 31. Qc7+ Ka8 32. Qc8# 1-0

[Event "Junior Online 4NCL Division 4"]
[Site "online"]
[Date "2020.09.17"]
[Round "3.137"]
[White "Chaudhury, Raunak"]
[Black "Wall, Oliver"]
[Result "0-1"]
[WhiteElo "100"]
[BlackElo "1465"]
[PlyCount "78"]
[EventDate "2020.09.17"]
[WhiteTeam "East Kilbride Elephants"]
[BlackTeam "Forest Hall Chimaeras"]

1. e4 e5 2. Nc3 Nf6 3. Nf3 Nc6 4. Bc4 Nxe4 5. d3 Nxc3 6. bxc3 d6 7. Ng1 Bf5 8.
Qh5 Bg6 9. Qf3 Qe7 10. Bg5 Qxg5 11. g4 f6 12. h4 Qh6 13. h5 Bf7 14. Bxf7+ Kxf7
15. Qd5+ Ke7 16. Nf3 Qf4 17. Nh4 Qxg4 18. Kd2 Re8 19. Rag1 Qf4+ 20. Ke2 Kd8 21.
Qb5 Kc8 22. Qb3 e4 23. dxe4 Qxe4+ 24. Kd1 Qe2+ 25. Kc1 Qxf2 26. Rf1 Qe3+ 27.
Kb1 Rd8 28. Rf3 Qd2 29. Nf5 d5 30. h6 g6 31. Ne3 f5 32. Nxf5 gxf5 33. Rxf5 Qg2
34. Rf7 Qxh1+ 35. Kb2 Qxh6 36. Rf1 Qh3 37. Qa3 Bxa3+ 38. Kxa3 Qxc3+ 39. Ka4
Qb4# 0-1

[Event "Junior Online 4NCL Division 4"]
[Site "online"]
[Date "2020.09.17"]
[Round "3.141"]
[White "Kataria, Dhairya"]
[Black "Groot Wassink, Emma"]
[Result "0-1"]
[WhiteElo "1150"]
[BlackElo "1442"]
[PlyCount "138"]
[EventDate "2020.09.17"]
[WhiteTeam "May The Fork Be With You 6"]
[BlackTeam "JHJ 3"]

1. e4 e5 2. Nf3 Nc6 3. Bc4 Bc5 4. d3 Nf6 5. Bg5 d6 6. Nc3 Bg4 7. h3 Bh5 8. g4
Bg6 9. Nd5 h6 10. Nxf6+ gxf6 11. Bh4 h5 12. g5 fxg5 13. Bxg5 f6 14. Bh4 Rf8 15.
Qc1 Qe7 16. Qh6 Bf7 17. Bxf6 Qd7 18. Bxf7+ Qxf7 19. Rg1 Qxf6 20. Qxh5+ Qf7 21.
Qxf7+ Rxf7 22. Ng5 Bxf2+ 23. Kf1 Bxg1+ 24. Nxf7 Kxf7 25. Kxg1 Rg8+ 26. Kf2 Nd4
27. c3 Ne6 28. Rf1 Ke7 29. b4 Nf4 30. Ke3 Rg3+ 31. Kd2 Rxd3+ 32. Ke1 Rxh3 33.
Rg1 Rxc3 34. Rg7+ Kd8 35. Rg8+ Kd7 36. Rg7+ Kc6 37. Kd2 Ra3 38. b5+ Kb6 39. Kc2
Rxa2+ 40. Kb3 Ra5 41. Kc4 Rxb5 42. Rg3 Rc5+ 43. Kb4 a5+ 44. Ka4 Rc4+ 45. Kb3
Rb4+ 46. Ka3 Rxe4 47. Rb3+ Rb4 48. Rc3 Ne6 49. Rg3 Nc5 50. Rc3 Rb3+ 51. Rxb3+
Nxb3 52. Kxb3 e4 53. Kc4 e3 54. Kd3 a4 55. Kxe3 a3 56. Kd2 a2 57. Kc2 a1=Q 58.
Kd3 Qa3+ 59. Kd4 Qc5+ 60. Ke4 Qe5+ 61. Kd3 Qf4 62. Kc3 Qe4 63. Kd2 Qf3 64. Ke1
Qg2 65. Kd1 Kc5 66. Ke1 Kc4 67. Kd1 Kc3 68. Ke1 Kd3 69. Kd1 Qd2# 0-1

[Event "Junior Online 4NCL Division 4"]
[Site "online"]
[Date "2020.09.17"]
[Round "3.142"]
[White "Yu, Rock"]
[Black "Bengani, Arihant"]
[Result "1-0"]
[WhiteElo "1397"]
[BlackElo "1075"]
[PlyCount "99"]
[EventDate "2020.09.17"]
[WhiteTeam "JHJ 3"]
[BlackTeam "May The Fork Be With You 6"]

1. c4 e5 2. Nc3 Nf6 3. g3 Bc5 4. Bg2 O-O 5. Nf3 Nc6 6. e3 d6 7. b3 Bf5 8. d4
exd4 9. exd4 Bb4 10. Bd2 Re8+ 11. Ne2 Bxd2+ 12. Qxd2 Qe7 13. a3 Qe6 14. d5 Qe7
15. dxc6 bxc6 16. Nfd4 Bg4 17. Bxc6 Bxe2 18. Nxe2 Ne4 19. Qc2 Nc3 20. Bf3 Nxe2
21. Qxe2 Qxe2+ 22. Bxe2 Re7 23. Kd2 Rae8 24. Rhe1 c5 25. Bf3 Rxe1 26. Rxe1 Rxe1
27. Kxe1 g5 28. b4 cxb4 29. axb4 Kf8 30. Kd2 Ke8 31. Kd3 Kd7 32. Ke4 Kc6 33.
Kf5+ Kb6 34. Kxg5 a5 35. bxa5+ Kc5 36. a6 Kb6 37. Bb7 Ka7 38. Kf6 d5 39. cxd5
h5 40. d6 h4 41. d7 hxg3 42. hxg3 Kb6 43. d8=Q+ Ka7 44. Qd4+ Kb8 45. Qd6+ Ka7
46. Qc5+ Kb8 47. Ke5 f6+ 48. Ke6 f5 49. Qb6 f4 50. a7# 1-0

[Event "Junior Online 4NCL Division 4"]
[Site "online"]
[Date "2020.09.17"]
[Round "3.143"]
[White "Bagchi, Aadi"]
[Black "Hatem, Mika"]
[Result "0-1"]
[WhiteElo "1075"]
[BlackElo "1405"]
[PlyCount "38"]
[EventDate "2020.09.17"]
[WhiteTeam "May The Fork Be With You 6"]
[BlackTeam "JHJ 3"]

1. e4 e5 2. Nf3 Nc6 3. Bc4 Bc5 4. O-O Nf6 5. d3 d6 6. h3 Be6 7. Bxe6 fxe6 8.
Bg5 O-O 9. Nc3 Qe8 10. Qd2 Qg6 11. Rad1 h6 12. Bh4 Nh5 13. Rfe1 Rxf3 14. Qe2
Rff8 15. Qf1 Ng3 16. Bxg3 Qxg3 17. Qe2 Rxf2 18. Qf1 Rxg2+ 19. Kh1 Qh2# 0-1

[Event "Junior Online 4NCL Division 4"]
[Site "online"]
[Date "2020.09.17"]
[Round "3.144"]
[White "Mouskos, Mia"]
[Black "Illingworth-Law, Oscar"]
[Result "1-0"]
[WhiteElo "1397"]
[BlackElo "1037"]
[PlyCount "81"]
[EventDate "2020.09.17"]
[WhiteTeam "JHJ 3"]
[BlackTeam "May The Fork Be With You 6"]

1. e4 e5 2. Nf3 Nc6 3. d4 exd4 4. Nxd4 Bc5 5. Be3 Qf6 6. c3 d6 7. Bc4 Nge7 8.
O-O O-O 9. b4 Bb6 10. a4 a6 11. a5 Ba7 12. Nxc6 Nxc6 13. Bxa7 Rxa7 14. Qb3 Qg6
15. Bd3 Bh3 16. g3 Bxf1 17. Kxf1 b6 18. axb6 cxb6 19. Nd2 a5 20. b5 Ne5 21. Be2
Re8 22. Kg2 Ng4 23. h3 Ne5 24. Qd5 Rc7 25. Ra3 Rc5 26. Qb3 Rec8 27. Qb2 Rxc3
28. Rxc3 Rxc3 29. Qxc3 h6 30. Qc8+ Kh7 31. Qc2 h5 32. f4 Nd7 33. Bd3 Kh6 34.
Nf3 Qe6 35. Qd2 Qf6 36. f5+ Kh7 37. Ng5+ Kg8 38. Be2 Qe5 39. Bxh5 Qxb5 40.
Bxf7+ Kf8 41. Qxd6# 1-0

[Event "Junior Online 4NCL Division 4"]
[Site "online"]
[Date "2020.09.17"]
[Round "3.145"]
[White "Groot Wassink, Emma"]
[Black "Kataria, Dhairya"]
[Result "1-0"]
[WhiteElo "1442"]
[BlackElo "1150"]
[PlyCount "67"]
[EventDate "2020.09.17"]
[WhiteTeam "JHJ 3"]
[BlackTeam "May The Fork Be With You 6"]

1. e4 c6 2. d4 d5 3. exd5 cxd5 4. c4 e6 5. Nf3 Bb4+ 6. Bd2 Bd6 7. Nc3 Nc6 8. c5
Be7 9. Bb5 Bd7 10. O-O b6 11. cxb6 Qxb6 12. Be3 a6 13. Bxc6 Qxc6 14. Rc1 Qd6
15. Qd2 Nf6 16. Bf4 Qb4 17. Rfe1 O-O 18. Ne5 Bd6 19. a3 Qb7 20. b4 Ne4 21. Nxe4
dxe4 22. Qe3 Bxe5 23. Bxe5 Bc6 24. Qg3 g6 25. Qh3 h5 26. Qg3 a5 27. Qg5 Rfc8
28. Qh6 f5 29. Qh8+ Kf7 30. Qg7+ Ke8 31. Qxg6+ Kd7 32. Qf7+ Kd8 33. Bf6+ Qe7
34. Qxe7# 1-0

[Event "Junior Online 4NCL Division 4"]
[Site "online"]
[Date "2020.09.17"]
[Round "3.146"]
[White "Bengani, Arihant"]
[Black "Yu, Rock"]
[Result "0-1"]
[WhiteElo "1075"]
[BlackElo "1397"]
[PlyCount "76"]
[EventDate "2020.09.17"]
[WhiteTeam "May The Fork Be With You 6"]
[BlackTeam "JHJ 3"]

1. d4 Nf6 2. c4 e5 3. dxe5 Ng4 4. Nf3 Nc6 5. Bf4 Qe7 6. h3 Ngxe5 7. Nxe5 Nxe5
8. e4 d6 9. Nc3 Ng6 10. Be3 Be6 11. Be2 Ne5 12. Qa4+ Bd7 13. Qb3 g6 14. Nd5 Qd8
15. Qxb7 Bc6 16. Qb3 Bg7 17. O-O O-O 18. f4 Nd7 19. Rad1 Rb8 20. Qa3 Rxb2 21.
Rd2 Rxd2 22. Bxd2 Qb8 23. Ne7+ Kh8 24. Nxc6 Qb6+ 25. Be3 Qxc6 26. Bf3 Qxc4 27.
Qxa7 Nb6 28. Bxb6 cxb6 29. Rb1 b5 30. Kh2 f5 31. exf5 Qxf4+ 32. Kg1 Bd4+ 33.
Qxd4+ Qxd4+ 34. Kh2 Qe5+ 35. g3 Rxf5 36. Bg4 Rf2+ 37. Kh1 Qd5+ 38. Kg1 Qg2# 0-1

[Event "Junior Online 4NCL Division 4"]
[Site "online"]
[Date "2020.09.17"]
[Round "3.147"]
[White "Hatem, Mika"]
[Black "Bagchi, Aadi"]
[Result "1-0"]
[WhiteElo "1405"]
[BlackElo "1075"]
[PlyCount "25"]
[EventDate "2020.09.17"]
[WhiteTeam "JHJ 3"]
[BlackTeam "May The Fork Be With You 6"]

1. e4 e5 2. Nf3 Nc6 3. d4 exd4 4. Nxd4 Bc5 5. Be3 Qf6 6. Nb5 Bxe3 7. fxe3 Qxb2
8. N1c3 Kd8 9. Rb1 Qxb1 10. Qxb1 a6 11. Nd4 Nxd4 12. exd4 Nf6 13. e5 1-0

[Event "Junior Online 4NCL Division 4"]
[Site "online"]
[Date "2020.09.17"]
[Round "3.148"]
[White "Illingworth-Law, Oscar"]
[Black "Mouskos, Mia"]
[Result "1-0"]
[WhiteElo "1037"]
[BlackElo "1397"]
[PlyCount "30"]
[EventDate "2020.09.17"]
[WhiteTeam "May The Fork Be With You 6"]
[BlackTeam "JHJ 3"]

1. e4 e6 2. d4 d5 3. e5 c5 4. c3 Nc6 5. Nf3 Qb6 6. Bd3 Bd7 7. Be2 Nge7 8. O-O
Nf5 9. Be3 Nxe3 10. fxe3 Qxb2 11. Nbd2 Qxc3 12. Rc1 Qxe3+ 13. Rf2 cxd4 14. Rb1
b6 15. Rb3 Qh6 1-0